Kočovníci Arktidy : ze života kanadských Indiánů a Eskymáků /

Pozoruhodný záznam o dlouhé cestě "Velkým severem Kanady", kterou podnikli dva zvídaví Francouzi, aby poznali současný život Indiánů Čipewajanů, obývajících tajgu, a polárních Eskymáků. Autor podal svědectví o vzhledu jejich přírodního prostředí, o jejich zvycích a zvláštnostech. Líčení svízelných p...

Celý popis

Hlavní autor: Frison-Roche, Roger, 1906-1999
Další autoři: Rissová, Helena, Šolc, Václav, 1919-1995, Tairraz, Pierre, 1933-2000
Jazyk: Čeština
Vydáno: Praha : Olympia, 1972
Externí odkaz: Digitalizovaný dokument
Fyzický popis: 283 s., [16] s. obr. příl. : il., portréty ; 8°
Knihy
Uloženo v:
LEADER 01901nam a22003612a 4500
001 000062703
003 CZ BrMZK
005 20130408151340.0
007 ta
008 950407s1972 xr f cze d
015 |a cnb000135584 
020 |q (Váz.) 
035 |a (OCoLC)42153771 
040 |a BOA001  |b cze 
041 1 |a cze  |h fre 
080 9 |a 840-992:908.71-17 
100 1 |a Frison-Roche, Roger,  |d 1906-1999  |7 kup19970000029319  |4 aut 
245 1 0 |a Kočovníci Arktidy :  |b ze života kanadských Indiánů a Eskymáků /  |c Roger Frison-Roche ; [přeložila Helena Rissová ; doslov Václav Šolc ; fotografie Pierre Tairraz] 
260 |a Praha :  |b Olympia,  |c 1972 
300 |a 283 s., [16] s. obr. příl. :  |b il., portréty ;  |c 8° 
500 |a Přeloženo z francouzštiny 
500 |a 20000 výt. 
520 |a Pozoruhodný záznam o dlouhé cestě "Velkým severem Kanady", kterou podnikli dva zvídaví Francouzi, aby poznali současný život Indiánů Čipewajanů, obývajících tajgu, a polárních Eskymáků. Autor podal svědectví o vzhledu jejich přírodního prostředí, o jejich zvycích a zvláštnostech. Líčení svízelných podmínek v mrazivých končinách se pojí s hojností cenných poznatků. 
765 0 |t Dernière migration. Lumière de l'Arctique  |9 Česky 
700 1 |a Rissová, Helena  |7 jk01102514  |4 trl 
700 1 |a Šolc, Václav,  |d 1919-1995  |7 jk01130715  |4 waw 
700 1 |a Tairraz, Pierre,  |d 1933-2000  |7 xx0033956  |4 pht 
856 4 1 |u http://www.digitalniknihovna.cz/mzk/uuid/uuid:457dfbd0-97c6-11e3-8e84-005056827e51  |y Digitalizovaný dokument  |x NDK 
910 |a BOA001  |b PK-0064.772  |b 2-0681.123 
920 |a 000359461 
990 |a BK 
996 6 |b 2619849917  |c 2-0681.123  |l Sklad H1  |r Sklad / do 24 hodin  |n 7  |h HS212  |w 000062703  |u 000020  |a 1  |e BOA001  |j MZK50  |s P 
996 7 |b 3119972115  |c PK-0064.772  |l MZK  |r Sklad / do 1 hodiny  |n 16  |w 000062703  |u 000010  |a 1  |e BOA001  |j MZK50  |s A